000 00305nam a22001337a 4500
008 171123b xxu||||| |||| 00| 0 eng d
020 _a0393953890
041 _aeng
080 _a82
100 _a21
101 _aGJL
245 _aTHE NORTON ANTHOLOGY OF AMERICAN LITERATURE
_cBAYM,N
942 _2udc
_cBK
999 _c38330
_d38330